mulberry plnting in siemreap( ការដាំដុះដំណាំមននៅខេត្តសៀមរៀប) (Record no. 533)
[ view plain ]
| 000 -LEADER | |
|---|---|
| fixed length control field | 00476nam a22001577a 4500 |
| 003 - CONTROL NUMBER IDENTIFIER | |
| control field | OSt |
| 005 - DATE AND TIME OF LATEST TRANSACTION | |
| control field | 20150916092043.0 |
| 008 - FIXED-LENGTH DATA ELEMENTS--GENERAL INFORMATION | |
| fixed length control field | 150916b xxu||||| |||| 00| 0 eng d |
| 040 ## - CATALOGING SOURCE | |
| Transcribing agency | RUA |
| 082 ## - DEWEY DECIMAL CLASSIFICATION NUMBER | |
| Classification number | AGR SIM 2001 B027 Or.1 |
| 100 ## - MAIN ENTRY--PERSONAL NAME | |
| 9 (RLIN) | 556 |
| Personal name | SIM, CHHUNLUY. |
| 245 ## - TITLE STATEMENT | |
| Title | mulberry plnting in siemreap( ការដាំដុះដំណាំមននៅខេត្តសៀមរៀប) |
| 260 ## - PUBLICATION, DISTRIBUTION, ETC. (IMPRINT) | |
| Place of publication, distribution, etc. | Phnom Penh |
| Name of publisher, distributor, etc. | RUA |
| Date of publication, distribution, etc. | 2001 |
| 300 ## - PHYSICAL DESCRIPTION | |
| Extent | 52p. |
| Other physical details | ill. |
| Dimensions | 29cm. |
| 942 ## - ADDED ENTRY ELEMENTS (KOHA) | |
| Source of classification or shelving scheme | |
| Koha item type | AGR |
| Price effective from | Date last seen | Permanent Location | Not for loan | Date acquired | Source of classification or shelving scheme | Koha item type | Lost status | Withdrawn status | Date last checked out | Total Checkouts | Shelving location | Damaged status | Barcode | Current Location | Full call number |
|---|---|---|---|---|---|---|---|---|---|---|---|---|---|---|---|
| 2015-09-16 | 2023-03-06 | Library Block B | 2015-09-16 | AGR | 2023-02-17 | 3 | B027 | RUA002607 | Library Block B | AGR SIM 2001 B027 Or.1 | |||||
| 2015-09-16 | 2019-08-09 | Library Block B | 2015-09-16 | AGR | 2019-07-30 | 7 | B027 | RUA002082 | Library Block B | AGR SIM 2001 B027 Or.2 | |||||
| 2015-09-16 | 2018-12-12 | Library Block B | 2015-09-16 | AGR | 2018-11-26 | 2 | B027 | RUA002154 | Library Block B | AGR SIM 2001 B027 Or.3 | |||||
| 2015-09-16 | 2025-09-25 | Library Block B | 2015-09-16 | AGR | 2025-07-11 | 3 | B027 | RUA002083 | Library Block B | AGR SIM 2001 B027 Or.4 | |||||
| 2015-10-04 | 2022-08-15 | Library Block B | 2015-10-04 | AGR | 2022-08-08 | 2 | RUA009147 | Library Block B | AGR SIM 2001 B027 Or.5 |